| 000 | 00779cam a2200289 4500 | ||
|---|---|---|---|
| 008 | 000000n2000 000 0 eng u | ||
| 020 | _a0863421148 | ||
| 035 | _a(Sirsi) u110096 | ||
| 041 | _a711.52 | ||
| 100 | _aSimmie, James | ||
| 245 | _aInnovative clusters in the London region: theoretical perspectives and initial empirical evidence | ||
| 260 |
_aOxford _bOxford Brookes University _c2000 |
||
| 300 | _a77p. ; 30cm. | ||
| 350 | _a8.00 | ||
| 490 |
_aWorking Paper _vNo.185 |
||
| 650 | _aCITIES | ||
| 650 | _aINNOVATION | ||
| 650 | _aECONOMIC GROWTH | ||
| 650 | _aSOCIAL ISSUES | ||
| 650 | _aLONDON | ||
| 650 | _aCLUSTERS | ||
| 690 | _aECONOMIC ISSUES | ||
| 700 | _aHart, Douglas | ||
| 700 | _aSennett, James | ||
| 700 | _aWood, Peter | ||
| 942 | _n0 | ||
| 999 |
_c101047 _d101047 |
||